000 00376nam a2200097Ia 4500
008 220216s9999 xx 000 0 und d
100 _aThanh Do Kim
245 0 _aTransfer of latex harvest technology in Vietnam: A case study of gaseous stimulation
260 _bIRRI-IRRDB International Rubber Conference 2009, 26-27 October 2009, Bogor, Indonesia, Paper 18.
_c2009
942 _cJS
999 _c71473
_d71473